00000000nam##2200000za#4500
0019.524169
003CaOODSP
00520210615083027
007ta
008150406|1994||||xxc|||||     f|0| 0 fre|d
020 |a0-660-59632-6
022 |a0706-148X
040 |aCaOODSP|bfre
041 |aeng
041 |afre
043 |an-cn---
0861 |aS52-2/229-1994
1101 |aCanada.|bTravaux publics et Services gouvernementaux Canada. |bServices de traduction.
24510|aVocabulaire de RADARSAT et de la télédétection hyperfréquence / |c[Préparé par]le Comité d'uniformisation de la terminologie spatiale.
260 |aOttawa - Ontario : |bTravaux publics et Services gouvernementaux Canada. |c1994.
300 |axiii, 145p. : |c22 cm.
4901 |aBulletin de terminologie|x0706-148X|v229
504 |aBibliographie.
5203 |aBulletin de terminologie 229. Préparé par le Comité d'uniformisation de la terminologie spatiale. La technologie du satellite de télédétection fait appel à un certain nombre de disciplines et de techniques modernes bien connues qui ont été profondément modifiées pour être appliquées à l'espace. Contient 700 termes universels et 350 abréviations du domaine de la télédétection qui se rapportent à RADARSAT et à d'autres engins spatiaux. Ce vocabulaire a été préparé en collaboration avec l'Agence spatiale canadienne et Spar Aérospatiale Limitée.
546 |aBilingue
563 |aCouverture souple
590 |a95-02|b1995-01-13
69107|aRadar|2gcpds
69107|aTerminologie|2gcpds
7760#|tRADARSAT and microwave remote sensing vocabulary / |w(CaOODSP)9.590563
791 |tRADARSAT and microwave remote sensing vocabulary / |eeng|w(CaOODSP)9.524168
830#0|aBulletin de terminologie,|x0706-148X|v229|w(CaOODSP)9.509599